| 000 | 01737cam a2200541 a 4500 | ||
|---|---|---|---|
| 001 | 22174 | ||
| 003 | VRT | ||
| 005 | 20260321114209.0 | ||
| 008 | 240318s2014 xo g 000 f slo | ||
| 015 | _aSNBA2015/03 | ||
| 020 |
_a9788055138220 _q(viaz.) |
||
| 035 | _aC07EE594-AE5C-48E0-A6EC-2D2A763297C8 | ||
| 035 | _aurn:nbn:sk:snk-amjokg | ||
| 035 | _aurn:nbn:sk:snk-am002l2b | ||
| 039 | 9 |
_a202512272108 _bAUTHORITY _c202403181709 _dVLOAD _c201911101908 _dAUTHORITY _c201911101853 _dAUTHORITY |
|
| 040 |
_aHEVK _bslo _cHEVK _dSNK _eAACR2 |
||
| 041 | 1 |
_aslo _heng |
|
| 044 |
_axo _cSK |
||
| 072 | 7 |
_a821.111(73)-3 _xAmerická próza _2konspekt |
|
| 080 |
_a821.111(73)-31 _22001 |
||
| 100 | 1 |
_aSteel, Danielle, _d1947- _4aut |
|
| 240 | 1 | 0 |
_aUntil the end of time _lSlovensky |
| 245 | 1 | 0 |
_aAž naveky _cDanielle Steel ; [z anglického originálu preložil Otakar Kořínek] |
| 250 | _a1. vyd. | ||
| 260 |
_aBratislava _bIkar _c2014 |
||
| 300 |
_a303 s. _c21 cm |
||
| 655 | 7 |
_aamerické romány _2SNKPH |
|
| 655 | 7 |
_aAmerican fiction _2SNKPHeng |
|
| 700 | 1 |
_aKořínek, Otakar, _d1946-2025 _4trl |
|
| 910 | _ahevk | ||
| 910 | _asvkbb | ||
| 910 | _apokpoh | ||
| 910 | _asnk | ||
| 910 | _apppk | ||
| 910 | _asllk | ||
| 910 | _avthk | ||
| 910 | _attkjf | ||
| 910 | _abjkdg | ||
| 910 | _atotk | ||
| 910 | _abpksh | ||
| 942 |
_2ddc _cKLDO _n0 |
||
| 949 |
_63869A11721 _abpksh821.111(73)-31 _bbpksh64851 |
||
| 949 |
_6270001000453296 _asvkbbA 141454 _bsvkbbm 744429 |
||
| 949 |
_617A1109280 _asnkSC 159324 _bsnk2014/10428 _o1054/14 _s6100:20140925 |
||
| 949 |
_617A1110101 _asnkSC 159324 D1 _bsnk2014/12022 _o1054/14 |
||
| 949 |
_62889210170 _asavukPV 18937 _bsavuk2014/1656 |
||
| 949 |
_6273K0575771 _asvkpoA 221869 _bsvkpo574312 |
||
| 999 |
_c22174 _d22174 |
||